000 00516nam a2200193Ia 4500
003 OSt
005 20250213154605.0
008 210210b1975 xxu||||| |||| 00| 0 eng d
040 _cAL
041 _aKannada
082 _aK894.3 RAMR
100 _aRAMARAV (T K).
_dರಾಮರಾವ್ (ಟಿ ಕೆ)
_9199493
245 _aRani jenu.
_bರಾಣಿ ಜೇನು
260 _aBengaluru
_bDarshana Prakashana
_c1975
300 _a101
690 _aKannada Fiction
_9199494
906 _a032534
942 _2ddc
_cBK
999 _c83666
_d83666